000 00738nam a22002057a 4500
999 _c6719
_d6719
003 AR-CdUCM
008 190319b ||||| |||| 00| 0 spa d
040 _aMUNICIPALIDAD PROVINCIAL DEL CUSCO
_cBIBLIOTECA MUNICIPAL DEL CUSCO
082 _a020 /
_bEM53
110 _aBowker editores
_918910
245 _aLa empresa del libro en Latino América /
260 _aBuenos Aires :
_bBowker,
_c1968.
300 _a273 páginas ;
_bilustraciones,
_c23 cm.
505 _aContenido: Editoriales Argentina -- Editoriales Bolivia -- Editoriales Brasil -- Editoriales Colombia -- Editoriales Costa Rica ...
650 _aEditoriales
_918911
650 _aAmérica del Sur
_9742
650 _aEmpresas
_95583
942 _2ddc
_cLIBROS
945 _aachl